Statistiques concernant Les 15 plus grandes villes du Moyen-Orient sur une carte

Cliquez ici pour prendre le quiz!

Statistiques générales

  • Ce quiz a été pris 9 511 fois
  • Le résultat moyen est 10 sur 15

Réponses sur la Carte

Les réponses sont colorées sur une échelle allant du rouge au vert en fonction du pourcentage des utilisateurs qui les ont devinées à leur premier essai. Vous pouvez retrouver ces pourcentages ci-dessous.
 

Statistiques - réponses

PopulationVille% Correct
21,9 milLe Caire
97%
16,5 milIstanbul
96%
5,25 milAnkara
92%
6,05 milDubaï
87%
15,8 milTéhéran
82%
7,30 milBagdad
81%
6,05 milAlexandrie
75%
8,80 milRiyad
75%
3,98 milDamas
74%
4,33 milKoweït
69%
5,70 milAmman
54%
3,18 milİzmir
37%
5,30 milDjeddah
31%
3,30 milIspahan
19%
3,30 milMachhad
11%

Distribution des résultats

Percentile par nombre de réponses

% des personnes avec chaque résultat

Votre développement - résultats

Vous n’avez pas pris ce quiz